| 000 | 00653nam a22001457a 4500 | ||
|---|---|---|---|
| 005 | 20250829103057.0 | ||
| 008 | 250829b |||||||| |||| 00| 0 eng d | ||
| 050 |
_aTHE LB 2842.6 .N48 2006 _bC.1 |
||
| 245 | _aThe Effects of Free Primary Education on Performance of the Human Resources: A Case Study of Teachers in Nakuru Municipality | ||
| 260 |
_aKisii _bKisii University _c2006 |
||
| 300 | _aix, 71p.:ill. | ||
| 500 | _aIncludes bibliographical references | ||
| 650 | _a1. Education, Primary—Kenya—Nakuru Municipality. 2. Teachers—Kenya—Performance. 3. Free education—Kenya. 4. Public schools—Kenya—Administration. | ||
| 942 |
_2lcc _cREF |
||
| 999 |
_c216054 _d216054 |
||